| 000 | 00497pam a2200181 a 4500 | ||
|---|---|---|---|
| 020 | _a0813818567 | ||
| 040 | _cDLC | ||
| 082 | 0 | 0 | _a636 LOW 1987 A090 Or. |
| 100 | 1 | _aMartin, S. Wayne, | |
| 245 | 1 | 0 |
_aVeterinary epidemiology : _bprinciples and methods / |
| 250 | _a1st ed. | ||
| 260 |
_aAmes : _bIowa State University Press, _c1987. |
||
| 300 |
_axi, 343 p. : _bill. ; _c24 cm. |
||
| 650 | 0 | _aVeterinary epidemiology. | |
| 700 | 1 | _aMeek, Alan H., | |
| 700 | 1 | _aWilleberg, Preben. | |
| 942 | _cEK | ||
| 999 |
_c15841 _d15841 |
||